• 首页
  • 本馆介绍
  • 公告通知
  • 最新文献
  • 馆藏检索
  • 电子资源
  • 读者导购
  • 参考咨询
  • 我的图书馆
  • 登录
  • 详细信息显示
  • 放入我的书架
  • 预约/预借图书
  • 作者相关作品
  • 分类相关作品
  • 丛书相关作品
  • 出版社相关作品

书目信息

  • 表格格式
  • 工作单格式
  • 卡片格式
题名:
多重背景下我国群众体育发展模式研究
    
 
作者: 徐洁 著
分册:  
出版信息: 北京   中国原子能出版社  2019
页数: 194页
开本: 24cm
丛书名:
单 册:
中图分类: G812.4
科图分类:
主题词: 群众体育--发展模式--研究--中国
电子资源:
ISBN: 978-7-5221-0389-1
000 00989nam0 2200217 450
001 2374518220
005 20231123204213.86
010    @a978-7-5221-0389-1@dCNY56.00
100    @a20210118d2019 em y0chiy50 ea
101 0  @achi
102    @aCN@b110000
105    @ay z 000yy
200 1  @a多重背景下我国群众体育发展模式研究@9duo chong bei jing xia wo guo qun zhong ti yu fa zhan mo shi yan jiu@f徐洁著
210    @a北京@c中国原子能出版社@d2019
215    @a194页@d24cm
330    @a本书首先对群众体育发展现状进行详细的概述,然后重点分析了多重背景下我国群众体育的发展模式,包括体育强国背景下我国群众体育发展模式、健康中国背景下我国群众体育发展模式、全民健身背景下我国城乡群众体育协调发展模式、供给侧改革背景下我国群众体育发展模式以及“互联网+”背景下我国群众体育发展模式,最后全面论述了多重背景下我国群众体育发展机制及对策。
606 0  @a群众体育@x发展模式@x研究@y中国
690    @aG812.4@v5
701  0 @a徐洁@9xu jie@4著
801    @aCN@b山东中教@c20231121
905    @aBZT@dG812.4@e4
    
    多重背景下我国群众体育发展模式研究/徐洁著.-北京:中国原子能出版社,2019
    194页;24cm
    
    
    ISBN 978-7-5221-0389-1:CNY56.00
    本书首先对群众体育发展现状进行详细的概述,然后重点分析了多重背景下我国群众体育的发展模式,包括体育强国背景下我国群众体育发展模式、健康中国背景下我国群众体育发展模式、全民健身背景下我国城乡群众体育协调发展模式、供给侧改革背景下我国群众体育发展模式以及“互联网+”背景下我国群众体育发展模式,最后全面论述了多重背景下我国群众体育发展机制及对策。
●
相关链接 在五车中查询图书 在当当中查询图书 在豆瓣中查询图书


正题名:多重背景下我国群众体育发展模式研究     索取号:G812.4/4         预约/预借

序号 登录号 条形码 馆藏地/架位号 状态 备注
1 2001040022   2001040022   中教第一批/山东中教(第一批)/619/ [索取号:G812.4/4] 在馆    
2 2001040023   2001040023   中教第一批/山东中教(第一批)/619/ [索取号:G812.4/4] 在馆    
3 2001040024   2001040024   中教第一批/山东中教(第一批)/619/ [索取号:G812.4/4] 在馆    
4 2001040025   2001040025   中教第一批/山东中教(第一批)/619/ [索取号:G812.4/4] 在馆    
5 2001040026   2001040026   中教第一批/山东中教(第一批)/619/ [索取号:G812.4/4] 在馆    
6 2001040027   2001040027   中教第一批/山东中教(第一批)/619/ [索取号:G812.4/4] 在馆    
山东省滨州职业学院图书馆 欢迎您!
大连网信软件有限公司© 版权所有